[Event "Charlotte Carolinas op"]
[Site "Charlotte"]
[Date "2025.06.15"]
[Round "4"]
[White "Stearman, Josiah P"]
[Black "Chirilov, James A"]
[Result "1-0"]
[WhiteElo "2448"]
[BlackElo "2218"]
[PlyCount "71"]
[EventDate "2025.06.14"]
[EventType "swiss"]
[EventRounds "5"]
[EventCountry "USA"]
[SourceTitle "CB25_2025"]
[SourceDate "2025.06.18"]
[SourceVersion "1"]
[SourceVersionDate "2025.06.18"]
[SourceQuality "1"]

1. e4 c5 2. Nf3 e6 3. g3 Nc6 4. Qe2 Nf6 5. Bg2 d5 6. exd5 Nxd5 7. 0-0 Be7 8. Rd1 Bf6 9. Nc3 Ndb4 10. d3 Nd4 11. Nxd4 cxd4 12. Ne4 Be7 13. c4 a5 14. Qg4 0-0 15. Bh6 Bf6 16. a3 Nc6 17. f4 e5 18. f5 Kh8 19. Bd2 Be7 20. Qh5 f6 21. g4 Qe8 22. Qh4 g6 23. Rf1 g5 24. Qh6 Qf7 25. h4 gxh4 26. Qxh4 Bd7 27. Ng3 e4 28. Bxe4 Ne5 29. Bd5 Qg7 30. Rae1 Bd6 31. g5 Rg8 32. Qxd4 Qf8 33. Kg2 Bc5 34. Qh4 Nxd3 35. Qxh7+ Kxh7 36. Rh1+ 1-0

[Event "Charlotte Spring IM-B"]
[Site "Charlotte"]
[Date "2025.04.19"]
[Round "6"]
[White "Chirilov, James A"]
[Black "Fierro Baquero, Martha Lorena"]
[Result "1/2-1/2"]
[WhiteElo "2291"]
[BlackElo "2247"]
[PlyCount "88"]
[EventDate "2025.04.16"]
[EventType "tourn"]
[EventRounds "9"]
[EventCountry "USA"]
[SourceTitle "CB17_2025"]
[SourceDate "2025.04.23"]
[SourceVersion "1"]
[SourceVersionDate "2025.04.23"]
[SourceQuality "1"]

1. e4 c5 2. Nf3 g6 3. c3 d5 4. exd5 Qxd5 5. d4 Bg7 6. Be3 cxd4 7. cxd4 Nf6 8. Nc3 Qa5 9. Bc4 0-0 10. 0-0 Bg4 11. h3 Bxf3 12. Qxf3 Nc6 13. Rad1 Rad8 14. Bb3 e6 15. g4 Rd7 16. g5 Nd5 17. Ne4 Qd8 18. Qg4 Nce7 19. Nc3 Nf5 20. Nxd5 exd5 21. Bc2 Nxe3 22. fxe3 Re7 23. Rf3 Rfe8 24. Ba4 Re4 25. Qg3 R8e7 26. Bc2 R4e6 27. h4 Qb6 28. Qf2 Qxb2 29. Rf1 Qc3 30. Bb3 Rd6 31. Rxf7 Qxe3 32. Qxe3 Rxe3 33. Rxb7 Bxd4 34. Kg2 Re2+ 35. Kh1 Re4 36. Rb8+ Kg7 37. Rb7+ Kg8 38. Rb8+ Kg7 39. Rb7+ Kg8 40. Kg2 Re2+ 41. Kh1 Re4 42. Kg2 Re2+ 43. Kh3 Re3+ 44. Kg2 Re2+ 1/2-1/2

[Event "Charlotte Spring IM-B"]
[Site "Charlotte"]
[Date "2025.04.19"]
[Round "7"]
[White "Horobetz, Graham"]
[Black "Chirilov, James A"]
[Result "1/2-1/2"]
[WhiteElo "2240"]
[BlackElo "2291"]
[PlyCount "104"]
[EventDate "2025.04.16"]
[EventType "tourn"]
[EventRounds "9"]
[EventCountry "USA"]
[SourceTitle "CB17_2025"]
[SourceDate "2025.04.23"]
[SourceVersion "1"]
[SourceVersionDate "2025.04.23"]
[SourceQuality "1"]

1. e4 c5 2. Nf3 Nc6 3. Bb5 d6 4. 0-0 Bd7 5. c3 Nf6 6. Re1 a6 7. Bf1 Bg4 8. h3 Bxf3 9. Qxf3 e6 10. d3 Be7 11. Be3 d5 12. Bg5 d4 13. e5 Nd5 14. Bxe7 Ndxe7 15. Nd2 0-0 16. c4 Ng6 17. Qg3 Rb8 18. Re4 f5 19. exf6 Qxf6 20. Rae1 Nf4 21. Nf3 Rbe8 22. Ne5 Nh5 23. Qf3 Qh6 24. Qd1 Nf4 25. Nxc6 bxc6 26. Qg4 Qf6 27. g3 Ng6 28. Qe2 Kf7 29. Bg2 e5 30. h4 Kg8 31. f4 Rb8 32. fxe5 Qe6 33. b3 Ne7 34. Kh2 Qh6 35. e6 Rf6 36. Rf1 Rbf8 37. Rxf6 Rxf6 38. Qe1 Kf8 39. Re5 Ke8 40. Bh3 Qg6 41. Qe2 Nf5 42. Bxf5 Rxf5 43. Re4 Qf6 44. Kg2 Ke7 45. a3 a5 46. Qe1 h5 47. Qe2 g6 48. Qe1 Rf3 49. Qd2 Rf1 50. Qe2 Rf5 51. Qe1 Rf3 52. Qe2 Rf5 1/2-1/2

[Event "New York President's Day IM-B"]
[Site "New York"]
[Date "2025.02.17"]
[Round "7"]
[White "Subervi Nunez, Jonathan Sigfredo"]
[Black "Chirilov, James A"]
[Result "0-1"]
[WhiteElo "2044"]
[BlackElo "2245"]
[PlyCount "96"]
[EventDate "2025.02.14"]
[EventType "tourn"]
[EventRounds "9"]
[EventCountry "USA"]
[SourceTitle "CB08_2025"]
[SourceDate "2025.02.19"]
[SourceVersion "1"]
[SourceVersionDate "2025.02.19"]
[SourceQuality "1"]

1. d4 Nf6 2. c4 b6 3. Nf3 Bb7 4. Nc3 g6 5. Qc2 Bg7 6. e4 d6 7. Be2 0-0 8. 0-0 Nc6 9. Rd1 e6 10. h3 Qe7 11. Be3 Nb4 12. Qb1 c5 13. d5 e5 14. a3 Na6 15. b4 Nh5 16. b5 Nc7 17. a4 Nf4 18. Bf1 f5 19. a5 Rab8 20. axb6 axb6 21. Ra7 Bc8 22. Bxf4 exf4 23. e5 g5 24. Qc2 g4 25. hxg4 fxg4 26. exd6 Qxd6 27. Ng5 Bf5 28. Bd3 Qg6 29. Bxf5 Rxf5 30. d6 Nxb5 31. Nxb5 Qxg5 32. d7 Rff8 33. Nc7 Qe7 34. Ne8 Rd8 35. Nxg7 Qxg7 36. Rd5 g3 37. Qd2 Kh8 38. Ra3 gxf2+ 39. Kxf2 Rf7 40. Rad3 Qg4 41. Rd6 Qh4+ 42. Kg1 Re7 43. Kf1 Qh1+ 44. Kf2 Rg7 45. Kf3 Rg3+ 46. Ke4 Rxg2 47. Qc3+ Kg8 48. Ke5 Re2+ 0-1

[Event "New York President's Day IM-B"]
[Site "New York"]
[Date "2025.02.14"]
[Round "1"]
[White "Pagan, Jonathan"]
[Black "Chirilov, James A"]
[Result "0-1"]
[WhiteElo "2092"]
[BlackElo "2245"]
[PlyCount "102"]
[EventDate "2025.02.14"]
[EventType "tourn"]
[EventRounds "9"]
[EventCountry "USA"]
[SourceTitle "CB08_2025"]
[SourceDate "2025.02.19"]
[SourceVersion "1"]
[SourceVersionDate "2025.02.19"]
[SourceQuality "1"]

1. d4 Nf6 2. c4 b6 3. Nf3 Bb7 4. g3 g6 5. Bg2 Bg7 6. 0-0 0-0 7. d5 Na6 8. Nc3 Nc5 9. Nd4 e5 10. Nc2 a5 11. e4 d6 12. Bg5 h6 13. Be3 Bc8 14. h3 Nh7 15. Qd2 h5 16. f4 h4 17. fxe5 Bxe5 18. g4 Bd7 19. Nd4 Bg7 20. Rae1 Kh8 21. Kh1 Bf6 22. Nf3 Re8 23. g5 Bxc3 24. Qxc3+ Kg8 25. Bxc5 bxc5 26. Qd2 Rb8 27. b3 a4 28. Qf4 axb3 29. axb3 Rxb3 30. Qxh4 Rc3 31. Qf4 Rxc4 32. Nd2 Rc2 33. Qxf7+ Kh8 34. Nf3 Nxg5 35. Qxg6 Rg8 36. Qh6+ Nh7 37. Nh4 Qg5 38. Qxg5 Nxg5 39. Rf6 Nxh3 40. Ref1 Ng5 41. Ng6+ Kg7 42. Ne7 Rh8+ 43. Kg1 Rxg2+ 44. Kxg2 Bh3+ 45. Kg1 Bxf1 46. Rg6+ Kf7 47. Rxg5 Bd3 48. Nf5 Bxe4 49. Ne3 Kf6 50. Rg4 Ke5 51. Rg7 Kd4 0-1

[Event "Chesterfield SPICE Cup op 18th"]
[Site "Chesterfield"]
[Date "2024.10.15"]
[Round "5"]
[White "Beukes, Dante M"]
[Black "Chirilov, James A"]
[Result "1/2-1/2"]
[WhiteElo "2246"]
[BlackElo "2320"]
[PlyCount "94"]
[EventDate "2024.10.13"]
[EventType "swiss"]
[EventRounds "9"]
[EventCountry "USA"]
[SourceTitle "CB43_2024"]
[Source "Chessbase"]
[SourceDate "2024.10.23"]
[SourceVersion "1"]
[SourceVersionDate "2024.10.23"]
[SourceQuality "1"]

1. e4 c5 2. Nf3 d6 3. Bb5+ Nc6 4. 0-0 Bd7 5. Re1 Nf6 6. c3 a6 7. Bxc6 Bxc6 8. d4 cxd4 9. cxd4 g6 10. d5 Bd7 11. Qb3 b5 12. Bg5 Bg7 13. Nbd2 0-0 14. Rac1 h6 15. Be3 Ng4 16. Bd4 Bxd4 17. Nxd4 Qb6 18. N2f3 Rac8 19. h3 Nf6 20. Qe3 Rc4 21. b3 Rxc1 22. Rxc1 h5 23. Qh6 Rc8 24. Rxc8+ Bxc8 25. Nc6 Qc7 26. Nfd4 Bb7 27. Qe3 Kg7 28. Qc3 Bxc6 29. Nxc6 e6 30. g4 hxg4 31. hxg4 e5 32. f3 Qb6+ 33. Kg2 Nd7 34. b4 Nf6 35. Qd2 Qc7 36. Qe3 Qc8 37. Qg5 Qd7 38. Kg3 Qc7 39. Qe3 Qc8 40. Qa7 Qh8 41. Kg2 Qh6 42. Nd8 Qd2+ 43. Kh3 Qh6+ 44. Kg2 Qd2+ 45. Kh3 Qh6+ 46. Kg2 Qd2+ 47. Kh3 Qh6+ 1/2-1/2

[Event "Chesterfield SPICE Cup op 18th"]
[Site "Chesterfield"]
[Date "2024.10.14"]
[Round "2"]
[White "Chirilov, James A"]
[Black "Toshali, V."]
[Result "1/2-1/2"]
[WhiteElo "2320"]
[BlackElo "2073"]
[PlyCount "117"]
[EventDate "2024.10.13"]
[EventType "swiss"]
[EventRounds "9"]
[EventCountry "USA"]
[SourceTitle "CB43_2024"]
[Source "Chessbase"]
[SourceDate "2024.10.23"]
[SourceVersion "1"]
[SourceVersionDate "2024.10.23"]
[SourceQuality "1"]

1. e4 c6 2. d4 d5 3. e5 Bf5 4. h4 h5 5. c4 e6 6. Nc3 dxc4 7. Bxc4 Nd7 8. Nge2 Nb6 9. Bb3 Be7 10. Ng3 Bg6 11. Nce4 Bb4+ 12. Nc3 Nd5 13. Bd2 Nge7 14. Bc2 Bxc2 15. Qxc2 Ng6 16. Nge4 Be7 17. Bg5 Nb4 18. Qb3 Nd3+ 19. Kf1 Qb6 20. Qc4 Nxb2 21. Qe2 Qa6 22. Qxa6 bxa6 23. Rb1 Nc4 24. Bxe7 Nxe7 25. Rb7 Nf5 26. Ng3 Nce3+ 27. Ke2 Nxg3+ 28. fxg3 Nf5 29. Ne4 Nxd4+ 30. Kf2 0-0 31. Rd1 Nf5 32. Rdd7 Nh6 33. Kf3 Rad8 34. Rxa7 Rxd7 35. Rxd7 Ng4 36. Kf4 f6 37. exf6 Nxf6 38. Nxf6+ Rxf6+ 39. Ke3 Rg6 40. Kf3 Rf6+ 41. Ke3 Rg6 42. Kf3 Rf6+ 43. Ke2 Rf5 44. Rd6 Ra5 45. Rxe6 Rxa2+ 46. Kf3 Rc2 47. Re8+ Kf7 48. Ra8 Rc3+ 49. Kf4 Rc4+ 50. Kf3 Ke6 51. Rxa6 Kd5 52. Ra3 c5 53. Ke3 Rg4 54. Kd2 g6 55. Rf3 c4 56. Ra3 Kc5 57. Re3 Kd4 58. Rf3 Kc5 59. Re3 1/2-1/2

[Event "Chesterfield SPICE Cup op 18th"]
[Site "Chesterfield"]
[Date "2024.10.14"]
[Round "3"]
[White "Van Meter, Lester"]
[Black "Chirilov, James A"]
[Result "0-1"]
[WhiteElo "1868"]
[BlackElo "2320"]
[PlyCount "66"]
[EventDate "2024.10.13"]
[EventType "swiss"]
[EventRounds "9"]
[EventCountry "USA"]
[SourceTitle "CB43_2024"]
[Source "Chessbase"]
[SourceDate "2024.10.23"]
[SourceVersion "1"]
[SourceVersionDate "2024.10.23"]
[SourceQuality "1"]

1. d4 Nf6 2. Nf3 g6 3. c4 Bg7 4. Nc3 0-0 5. g3 d6 6. Bg2 Nbd7 7. 0-0 e5 8. e4 Re8 9. Re1 exd4 10. Nxd4 c6 11. h3 Qb6 12. Nde2 Nc5 13. Be3 Qc7 14. f3 Nfd7 15. b4 Ne6 16. Rc1 a5 17. a3 axb4 18. axb4 Ra3 19. Nd4 Nxd4 20. Bxd4 Nf6 21. Ra1 Rxa1 22. Qxa1 Be6 23. Ne2 Qe7 24. Rc1 c5 25. bxc5 dxc5 26. Bb2 Rd8 27. Nf4 Rd2 28. Be5 Ne8 29. Bxg7 Nxg7 30. Nd5 Bxd5 31. cxd5 Nh5 32. Qc3 Qg5 33. f4 Nxf4 0-1

[Event "New York Marshall Labor Day-A"]
[Site "New York"]
[Date "2024.09.01"]
[Round "7"]
[White "Chirilov, James A"]
[Black "Barbosa, Oliver"]
[Result "0-1"]
[WhiteElo "2339"]
[BlackElo "2439"]
[PlyCount "66"]
[EventDate "2024.08.29"]
[EventType "tourn"]
[EventRounds "9"]
[EventCountry "USA"]
[SourceTitle "EXT 2025"]
[Source "ChessBase"]
[SourceDate "2024.10.14"]
[SourceVersion "1"]
[SourceVersionDate "2024.10.14"]
[SourceQuality "1"]

1. e4 d5 2. exd5 Qxd5 3. Nc3 Qd6 4. d4 Nf6 5. Bc4 a6 6. Nf3 b5 7. Bb3 e6 8. 0-0 Bb7 9. Re1 c5 10. a4 b4 11. Ng5 c4 12. Bxc4 Qc6 13. d5 Qxc4 14. dxe6 Be7 15. exf7+ Kf8 16. Ne2 Bd5 17. Nf4 Bxf7 18. b3 Qc8 19. Nfe6+ Bxe6 20. Nxe6+ Kf7 21. Nxg7 Qg4 22. Qd3 Rd8 23. Qe3 Nd5 24. Qh6 Qxg7 25. Qe6+ Ke8 26. Bb2 Qg6 27. Qh3 Nc6 28. Rad1 Rd6 29. Qf3 Rad8 30. Rd3 Qf7 31. Qe4 Nc3 32. Bxc3 bxc3 33. Rf3 Re6 0-1

[Event "Titled Tuesday intern op 13th Aug Late"]
[Site "Chess.com INT"]
[Date "2024.08.13"]
[Round "2"]
[White "Serban, Cristian Stefan"]
[Black "Chirilov, James A"]
[Result "1-0"]
[WhiteElo "2283"]
[BlackElo "2339"]
[PlyCount "159"]
[EventDate "2024.08.13"]
[EventType "swiss (blitz)"]
[EventRounds "11"]
[EventCountry "USA"]
[SourceTitle "EXT 2025"]
[Source "ChessBase"]
[SourceDate "2024.10.14"]
[SourceVersion "1"]
[SourceVersionDate "2024.10.14"]
[SourceQuality "1"]

1. d4 Nf6 2. c4 e6 3. Nf3 d5 4. g3 Bb4+ 5. Bd2 Be7 6. Bg2 0-0 7. 0-0 Nbd7 8. Qc2 c6 9. Bf4 Ne4 10. Nc3 f5 11. Ne5 Ndf6 12. Rad1 Qe8 13. f3 Nxc3 14. Qxc3 Nh5 15. Bc1 f4 16. g4 Nf6 17. Bxf4 Nh5 18. Bc1 Nf4 19. Bxf4 Rxf4 20. e3 Rf8 21. f4 a5 22. a3 a4 23. Qc2 Qd8 24. Rf3 Bf6 25. Rh3 g6 26. Bf1 Bd7 27. Bd3 Be8 28. Kh1 Bg7 29. Nf3 Qf6 30. Qf2 Rd8 31. Qh4 Qxh4 32. Nxh4 Bd7 33. Nf3 e5 34. dxe5 Bxg4 35. Rg3 Bh5 36. cxd5 cxd5 37. Rd2 Rc8 38. Nd4 Rc1+ 39. Rg1 Rfc8 40. Kg2 g5 41. Ne6 gxf4 42. exf4 Bh6 43. Kf2+ Rxg1 44. Kxg1 Kf7 45. Ng5+ Ke7 46. Bxh7 Rc1+ 47. Kg2 Bxg5 48. fxg5 Ke6 49. h4 Kxe5 50. Bg8 d4 51. Bh7 b5 52. Bd3 b4 53. axb4 Bf7 54. g6 Bd5+ 55. Kh2 Rh1+ 56. Kg3 Rg1+ 57. Kf2 Rg2+ 58. Ke1 Rg1+ 59. Bf1 Rxg6 60. b5 Rh6 61. Rh2 Kf4 62. Kd2 Kg3 63. Rh3+ Kf2 64. Bd3 Bg2 65. Rh2 Kg3 66. Rxg2+ Kxg2 67. Be4+ Kg3 68. Kd3 Kf4 69. Kxd4 Rxh4 70. Bc6 Kf5+ 71. Kc5 Ke6 72. b6 Ke7 73. b7 Rh8 74. Kb6 Kd6 75. Bxa4 Rd8 76. Ka7 Kc7 77. Bc6 Rb8 78. Bd5 Rd8 79. b4 Rf8 80. b5 1-0

[Event "Titled Tuesday intern op 30th Jul Early"]
[Site "Chess.com INT"]
[Date "2024.07.30"]
[Round "7"]
[White "Yang, Kaiqi"]
[Black "Chirilov, James A"]
[Result "0-1"]
[WhiteElo "2481"]
[BlackElo "2249"]
[PlyCount "100"]
[EventDate "2024.07.30"]
[EventType "swiss (blitz)"]
[EventRounds "11"]
[EventCountry "USA"]
[SourceTitle "EXT 2025"]
[Source "ChessBase"]
[SourceDate "2024.10.14"]
[SourceVersion "1"]
[SourceVersionDate "2024.10.14"]
[SourceQuality "1"]

1. e4 c5 2. Nf3 d6 3. h3 Nf6 4. Nc3 Nc6 5. d4 cxd4 6. Nxd4 g6 7. Be3 Bg7 8. Bc4 0-0 9. Bb3 Bd7 10. 0-0 Rc8 11. Re1 a6 12. Qd2 b5 13. Nxc6 Bxc6 14. Bh6 a5 15. a4 b4 16. Nd5 Nd7 17. Bxg7 Kxg7 18. h4 h5 19. Re3 e6 20. Nf4 Nc5 21. Rae1 Qxh4 22. Qxd6 Nxb3 23. cxb3 Kh7 24. Rh3 Qg5 25. Rg3 Qf6 26. Nh3 Rfd8 27. Qc5 Bxe4 28. Qxa5 Bf5 29. Ng5+ Kg7 30. Qxb4 Qxb2 31. Qb7 Qf6 32. a5 h4 33. Nxe6+ Bxe6 34. Rf3 Bf5 35. a6 h3 36. a7 hxg2 37. Re7 Rc1+ 38. Kxg2 Rcc8 39. b4 Rf8 40. b5 Qh4 41. b6 Rc1 42. Rxf5 Qh1+ 43. Kg3 Rg1+ 44. Kf4 Qh4+ 45. Ke5 Re1+ 46. Kd6 Rd8+ 47. Kc6 Rxe7 48. a8Q Qc4+ 49. Rc5 Qe4+ 50. Kb5 Rxa8 0-1

[Event "New York 1924 Centennial"]
[Site "New York"]
[Date "2024.07.20"]
[Round "6"]
[White "Chirilov, James A"]
[Black "Nagy, Gabor"]
[Result "1/2-1/2"]
[WhiteElo "2249"]
[BlackElo "2440"]
[PlyCount "75"]
[EventDate "2024.07.17"]
[EventType "swiss"]
[EventRounds "9"]
[EventCountry "USA"]
[SourceTitle "CBM 221 Extra"]
[Source "ChessBase"]
[SourceDate "2024.09.30"]
[SourceVersion "1"]
[SourceVersionDate "2024.09.30"]
[SourceQuality "1"]

1. e4 c5 2. Nf3 d6 3. d4 cxd4 4. Nxd4 Nf6 5. Nc3 Nc6 6. Bg5 Bd7 7. Qd2 Rc8 8. 0-0-0 Nxd4 9. Qxd4 Qa5 10. f4 h6 11. Bxf6 gxf6 12. Kb1 Qc5 13. Qd3 Bg7 14. Nd5 e6 15. Ne3 Bc6 16. f5 Ke7 17. Be2 h5 18. Rhe1 Bh6 19. Nf1 e5 20. Bxh5 Bb5 21. Qd5 Qxd5 22. Rxd5 Bc4 23. Rdd1 Bxf1 24. Rxf1 Bf4 25. Bf3 Rxh2 26. Rd3 Rhh8 27. Rfd1 Rc6 28. c3 a6 29. a4 b5 30. Rd5 Rb8 31. axb5 axb5 32. Be2 b4 33. Rb5 Rxb5 34. Bxb5 Rb6 35. c4 Be3 36. Kc2 Rb8 37. Kb3 Bc5 38. Bc6 1/2-1/2

[Event "New York 1924 Centennial"]
[Site "New York"]
[Date "2024.07.19"]
[Round "4"]
[White "Prithu, Gupta"]
[Black "Chirilov, James A"]
[Result "0-1"]
[WhiteElo "2440"]
[BlackElo "2249"]
[PlyCount "122"]
[EventDate "2024.07.17"]
[EventType "swiss"]
[EventRounds "9"]
[EventCountry "USA"]
[SourceTitle "CBM 221 Extra"]
[Source "ChessBase"]
[SourceDate "2024.09.30"]
[SourceVersion "1"]
[SourceVersionDate "2024.09.30"]
[SourceQuality "1"]

1. d4 Nf6 2. c4 g6 3. Nf3 Bg7 4. e3 d6 5. Nc3 0-0 6. Be2 Nbd7 7. 0-0 e5 8. dxe5 dxe5 9. b3 Qe7 10. e4 Rd8 11. Qc2 c6 12. Rd1 b6 13. a4 Nc5 14. Ba3 Bg4 15. a5 Qc7 16. axb6 axb6 17. Bb2 Rxa1 18. Bxa1 Ra8 19. h3 Bxf3 20. Bxf3 Ne6 21. Na4 h5 22. c5 Nd7 23. cxb6 Nxb6 24. Nc5 Nd4 25. Bxd4 exd4 26. b4 Ra3 27. Nd3 Rc3 28. Qa2 Nc4 29. Be2 Ne5 30. Nc5 Qb6 31. Qb1 Qa7 32. Kh2 Ra3 33. f4 Ra2 34. Bxh5 Nc4 35. Bxg6 Ne3 36. Rg1 fxg6 37. e5 Qf7 38. Qe4 Rf2 39. Kg3 Re2 40. e6 Qf5 41. Qxc6 Bf8 42. Qe8 Nd5 43. Rf1 Ne3 44. Rg1 Nd5 45. Rf1 g5 46. Qf7+ Qxf7 47. exf7+ Kxf7 48. fxg5+ Kg8 49. Rd1 Nxb4 50. Nd7 Bd6+ 51. Kg4 Rxg2+ 52. Kf5 d3 53. Kg6 Nd5 54. Ra1 Nf4+ 55. Kf6 d2 56. h4 Nd5+ 57. Kg6 Ne7+ 58. Kh6 Re2 59. Rf1 Nf5+ 60. Kg6 Nxh4+ 61. Kh5 Re1 0-1

[Event "Titled Tuesday intern op 09th Jul Late"]
[Site "Chess.com INT"]
[Date "2024.07.09"]
[Round "2"]
[White "Chirilov, James A"]
[Black "Belli, Giorgio"]
[Result "1-0"]
[WhiteElo "2249"]
[BlackElo "2138"]
[PlyCount "63"]
[EventDate "2024.07.09"]
[EventType "swiss (blitz)"]
[EventRounds "11"]
[EventCountry "USA"]
[SourceTitle "EXT 2025"]
[Source "ChessBase"]
[SourceDate "2024.10.14"]
[SourceVersion "1"]
[SourceVersionDate "2024.10.14"]
[SourceQuality "1"]

1. e4 e5 2. Nf3 Nc6 3. Nc3 Nf6 4. Bb5 Nd4 5. Bc4 Nxf3+ 6. Qxf3 Be7 7. 0-0 0-0 8. d3 d6 9. h3 Be6 10. Bb3 c6 11. Qe2 a5 12. f4 exf4 13. Bxf4 Nd7 14. d4 Bxb3 15. axb3 f5 16. e5 dxe5 17. dxe5 Bc5+ 18. Kh1 Qe7 19. e6 Nf6 20. Rad1 Rad8 21. Bg5 Bd4 22. Rxf5 Bxc3 23. Rxd8 Rxd8 24. bxc3 Rd6 25. Re5 h6 26. Bxf6 gxf6 27. Qg4+ Kf8 28. Re1 Ke8 29. Qg8+ Qf8 30. Qg6+ Ke7 31. Qh7+ Ke8 32. e7 1-0

[Event "Titled Tuesday intern op 09th Jul Late"]
[Site "Chess.com INT"]
[Date "2024.07.09"]
[Round "4"]
[White "Chirilov, James A"]
[Black "Erdogmus, Yagiz Kaan"]
[Result "0-1"]
[WhiteElo "2249"]
[BlackElo "2576"]
[PlyCount "118"]
[EventDate "2024.07.09"]
[EventType "swiss (blitz)"]
[EventRounds "11"]
[EventCountry "USA"]
[SourceTitle "EXT 2025"]
[Source "ChessBase"]
[SourceDate "2024.10.14"]
[SourceVersion "1"]
[SourceVersionDate "2024.10.14"]
[SourceQuality "1"]

1. e4 g6 2. d4 c6 3. Nc3 d5 4. e5 Bg7 5. f4 h5 6. Bd3 Nh6 7. Nf3 Bg4 8. Be3 e6 9. 0-0 Nf5 10. Bf2 Nd7 11. h3 Bxf3 12. Qxf3 Qb6 13. Ne2 h4 14. c3 a5 15. Rab1 Bf8 16. b3 Be7 17. Kh2 0-0 18. Qg4 Nh6 19. Qf3 a4 20. b4 Qc7 21. Ng1 b6 22. Qe2 c5 23. Nf3 Rfc8 24. Bxh4 Bxh4 25. Nxh4 cxd4 26. cxd4 Qc3 27. Nf3 Qa3 28. g4 Rc3 29. Rfd1 Rac8 30. f5 exf5 31. g5 Nf8 32. gxh6 Ne6 33. Qd2 Rxd3 34. Qxd3 Rc3 35. h7+ Kxh7 36. Qe2 Rxf3 37. Rb3 axb3 38. Qxf3 Qxa2+ 39. Kh1 b2 40. Qf1 Qc4 41. Qf3 Qc2 42. Qf1 Nxd4 43. e6 Nxe6 44. Rb1 Ng5 45. Qd1 Qxd1+ 46. Rxd1 Ne4 47. Rb1 Nf2+ 48. Kg2 Nd3 49. Kf3 d4 50. Ke2 Ne5 51. Rxb2 d3+ 52. Kd1 f4 53. Ra2 f3 54. Rh2 Kh6 55. Kd2 Kg5 56. Ke3 Kh4 57. Kf4 g5+ 58. Ke3 Kg3 59. Rd2 Nc4+ 0-1

[Event "Titled Tuesday intern op 09th Jul Late"]
[Site "Chess.com INT"]
[Date "2024.07.09"]
[Round "5"]
[White "Toniutti, Ezio"]
[Black "Chirilov, James A"]
[Result "1-0"]
[WhiteElo "2208"]
[BlackElo "2249"]
[PlyCount "113"]
[EventDate "2024.07.09"]
[EventType "swiss (blitz)"]
[EventRounds "11"]
[EventCountry "USA"]
[SourceTitle "EXT 2025"]
[Source "ChessBase"]
[SourceDate "2024.10.14"]
[SourceVersion "1"]
[SourceVersionDate "2024.10.14"]
[SourceQuality "1"]

1. d4 Nf6 2. c4 e6 3. Nc3 Bb4 4. a3 Bxc3+ 5. bxc3 0-0 6. f3 Nc6 7. e4 d6 8. Bd3 Re8 9. Be3 e5 10. Ne2 b6 11. 0-0 Na5 12. Ng3 Ba6 13. Qe2 Nd7 14. f4 exd4 15. cxd4 c5 16. d5 Nf6 17. Bd2 Nb3 18. Bc3 Nxa1 19. Bxa1 Nd7 20. e5 Nf8 21. Qg4 Bc8 22. Bf5 Ng6 23. e6 fxe6 24. Bxg6 hxg6 25. Qxg6 Qe7 26. Nh5 Qf7 27. Qg5 g6 28. Nf6+ Kf8 29. Ne4 exd5 30. Nxd6 Qe6 31. Nxe8 Kxe8 32. cxd5 Qe3+ 33. Kh1 Bf5 34. Qh4 Kd7 35. Re1 Rh8 36. Bxh8 g5 37. Rxe3 gxh4 38. Bf6 Kd6 39. Re5 Bd3 40. Be7+ Kd7 41. Bxh4 c4 42. Be1 b5 43. Bb4 a5 44. Bxa5 Kd6 45. Bb4+ Kd7 46. Re7+ Kd8 47. d6 Bf5 48. Rf7 Bd7 49. f5 Be8 50. Re7 Bd7 51. f6 Be8 52. f7 Bxf7 53. Rxf7 c3 54. Bxc3 b4 55. Bf6+ Ke8 56. Re7+ Kf8 57. d7 1-0

[Event "Titled Tuesday intern op 11th Jun Late"]
[Site "Chess.com INT"]
[Date "2024.06.11"]
[Round "1"]
[White "Aalto, Patrik"]
[Black "Chirilov, James A"]
[Result "0-1"]
[WhiteElo "2286"]
[BlackElo "2196"]
[PlyCount "50"]
[EventDate "2024.06.11"]
[EventType "swiss (blitz)"]
[EventRounds "11"]
[EventCountry "USA"]
[SourceTitle "EXT 2025"]
[Source "ChessBase"]
[SourceDate "2024.10.14"]
[SourceVersion "1"]
[SourceVersionDate "2024.10.14"]
[SourceQuality "1"]

1. c4 e5 2. g3 Nf6 3. Bg2 Nc6 4. Nc3 Bb4 5. Qb3 a5 6. a3 Bxc3 7. Qxc3 0-0 8. Nf3 Re8 9. 0-0 d6 10. d3 h6 11. b3 Qe7 12. Bb2 Bg4 13. b4 axb4 14. axb4 Bxf3 15. Bxf3 Nd4 16. Kg2 Nxf3 17. exf3 c6 18. d4 e4 19. Rfe1 Rxa1 20. Rxa1 d5 21. fxe4 Nxe4 22. Qe1 dxc4 23. Rc1 b5 24. Qe3 Qxb4 25. Ba3 Qd2 0-1

[Event "Titled Tuesday intern op 11th Jun Late"]
[Site "Chess.com INT"]
[Date "2024.06.11"]
[Round "2"]
[White "Chirilov, James A"]
[Black "Leenhouts, Koen"]
[Result "0-1"]
[WhiteElo "2196"]
[BlackElo "2454"]
[PlyCount "70"]
[EventDate "2024.06.11"]
[EventType "swiss (blitz)"]
[EventRounds "11"]
[EventCountry "USA"]
[SourceTitle "EXT 2025"]
[Source "ChessBase"]
[SourceDate "2024.10.14"]
[SourceVersion "1"]
[SourceVersionDate "2024.10.14"]
[SourceQuality "1"]

1. e4 d5 2. exd5 Qxd5 3. Nc3 Qa5 4. d4 c6 5. Bc4 Nf6 6. Nf3 Bf5 7. Bd2 e6 8. 0-0 Nbd7 9. Re1 Qd8 10. d5 cxd5 11. Nxd5 Nxd5 12. Bxd5 Be7 13. Bxb7 Rb8 14. Bc6 Qc7 15. Ba4 0-0 16. Bb3 Nc5 17. Bc3 Rfd8 18. Qe2 Nxb3 19. axb3 Bb4 20. Bxb4 Rxb4 21. Red1 Rxd1+ 22. Rxd1 h6 23. Rd2 a5 24. h3 a4 25. bxa4 Rxb2 26. Nd4 Bg6 27. g3 Ra2 28. Qb5 Ra1+ 29. Kg2 Be4+ 30. f3 Qc3 31. Qe2 Bd5 32. Rd3 Qb2 33. c3 Qc1 34. h4 Qh1+ 35. Kf2 Qg1# 0-1

[Event "Titled Tuesday intern op 11th Jun Late"]
[Site "Chess.com INT"]
[Date "2024.06.11"]
[Round "9"]
[White "Kashefi, Amir Hossein"]
[Black "Chirilov, James A"]
[Result "0-1"]
[WhiteElo "2188"]
[BlackElo "2196"]
[PlyCount "62"]
[EventDate "2024.06.11"]
[EventType "swiss (blitz)"]
[EventRounds "11"]
[EventCountry "USA"]
[SourceTitle "EXT 2025"]
[Source "ChessBase"]
[SourceDate "2024.10.14"]
[SourceVersion "1"]
[SourceVersionDate "2024.10.14"]
[SourceQuality "1"]

1. d4 Nf6 2. c4 e6 3. Nf3 d5 4. g3 Bb4+ 5. Bd2 Be7 6. Bg2 0-0 7. 0-0 c6 8. Qc2 a5 9. Rd1 Ne4 10. Nc3 f5 11. Bf4 Nd7 12. a3 Qe8 13. c5 Qh5 14. b4 g5 15. Bc7 Ndf6 16. Bxa5 Ng4 17. Rf1 Bf6 18. e3 Bd7 19. Bc7 Be8 20. Be5 Bg6 21. h3 Nxe5 22. Nxe5 Kh8 23. Nd7 Rf7 24. Nxf6 Rxf6 25. b5 Raf8 26. bxc6 bxc6 27. a4 f4 28. Nxe4 dxe4 29. Bxe4 Qxh3 30. exf4 gxf4 31. Bxg6 f3 0-1